Армянская литература (Запись № 9780581)

Подробности
000 -МАРКЕР
контрольное поле 01804nam1a22003491 4500
001 - ИДЕНТИФИКАТОР ЗАПИСИ
контрольное поле rc\3374386
005 - ИДЕНТИФИКАТОР ВЕРСИИ
контрольное поле 20240626142316.0
035 ## - ДРУГИЕ СИСТЕМНЫЕ НОМЕРА
Идентификатор записи (NLR Aleph) 007544112
100 ## - ДАННЫЕ ОБЩЕЙ ОБРАБОТКИ
Данные общей обработки 20130115g1974 |||y0rusy50 ca
101 0# - ЯЗЫК РЕСУРСА
Язык текста, звукозаписи и т.д. русский
102 ## - СТРАНА ПУБЛИКАЦИИ ИЛИ ПРОИЗВОДСТВА
Страна публикации Российская Федерация
105 ## - ПОЛЕ КОДИРОВАННЫХ ДАННЫХ: ТЕКСТОВЫЕ МАТЕРИАЛЫ, МОНОГРАФИЧЕСКИЕ
Кодированные данные о монографическом текстовом документе ac |||||
200 1# - ЗАГЛАВИЕ И СВЕДЕНИЯ ОБ ОТВЕТСТВЕННОСТИ
Основное заглавие Армянская литература
Сведения, относящиеся к заглавию (Биобиблиогр. указ.)
-- [В 2 вып.]
Первые сведения об ответственности Сост. Н.А. Адамян, Е.М. Нерсисян[!], Н.[!]К. Хоецян
Последующие сведения об ответственности Ред. канд. филол. наук В.М. Мнацаканян
-- М-во культуры АрмССР, Гос. респ. б-ка им. Ал. Мясникяна, Отд. науч. библиогр. и справ. работ
210 ## - ПУБЛИКАЦИЯ, РАСПРОСТРАНЕНИЕ И ДР.
Место издания, распространения и т.д. Ереван
Имя издателя, распространителя и т. д. Б. и.
Дата издания, распространения и т.д. 1974-
215 ## - ФИЗИЧЕСКАЯ ХАРАКТЕРИСТИКА
Размеры 22
300 ## - ОБЩИЕ ПРИМЕЧАНИЯ
Текст примечания В вып. дан. 2-й сост.: Евгения Матевосовна Нерсесян
606 ## - НАИМЕНОВАНИЕ ТЕМЫ КАК ПРЕДМЕТ
Наименование темы Писатели армянские
Формальный подзаголовок Биобиблиографические пособия
Код системы psbo
606 ## - НАИМЕНОВАНИЕ ТЕМЫ КАК ПРЕДМЕТ
Наименование темы Армянская литература
Формальный подзаголовок Указатели
Код системы psbo
700 #1 - ИМЯ ЛИЦА - ПЕРВИЧНАЯ ОТВЕТСТВЕННОСТЬ
Начальный элемент ввода Адамян
Часть имени, кроме начального элемента ввода Н. А.
Расширение инициалов личного имени Назик Адамовна
Код отношения Составитель
701 #1 - ИМЯ ЛИЦА - АЛЬТЕРНАТИВНАЯ ОТВЕТСТВЕННОСТЬ
Связь между полями z01790
Начальный элемент ввода Нерсесян
Часть имени, кроме начального элемента ввода Е. М.
Расширение инициалов личного имени Евгения Матевосовна
Код отношения Составитель
701 #1 - ИМЯ ЛИЦА - АЛЬТЕРНАТИВНАЯ ОТВЕТСТВЕННОСТЬ
Связь между полями z02790
Начальный элемент ввода Хоецян
Часть имени, кроме начального элемента ввода Э. К.
Расширение инициалов личного имени Элеонора Константиновна
Код отношения Составитель
702 #1 - ИМЯ ЛИЦА - ВТОРИЧНАЯ ОТВЕТСТВЕННОСТЬ
Начальный элемент ввода Мнацаканян
Часть имени, кроме начального элемента ввода В. М.
Код отношения Редактор
712 02 - НАИМЕНОВАНИЕ ОРГАНИЗАЦИИ - ВТОРИЧНАЯ ОТВЕТСТВЕННОСТЬ
Начальный элемент ввода Армянская республиканская библиотека им. А. Ф. Мясникяна
Идентифицирующий признак Ереван
Идентификатор авторитетной/нормативной записи RU\NLR\AUTH\889958116
790 #1 - ИМЯ ЛИЦА - АЛЬТЕРНАТИВНАЯ ФОРМА
Связь между полями z01701
Начальный элемент ввода Нерсисян[!]
Часть имени, кроме начального элемента ввода Е. М.
790 #1 - ИМЯ ЛИЦА - АЛЬТЕРНАТИВНАЯ ФОРМА
Связь между полями z02701
Начальный элемент ввода Хоецян
Часть имени, кроме начального элемента ввода Н.[!]К.
801 #0 - ИСТОЧНИК ЗАПИСИ
Страна Российская Федерация
Организация NLR
Правила каталогизации psbo
801 #1 - ИСТОЧНИК ЗАПИСИ
Страна Российская Федерация
Организация ELAR
Источник данных rusmarc
852 ## - МЕСТОНАХОЖДЕНИЕ И ШИФР ХРАНЕНИЯ
Идентификатор организации NLR
Шифр хранения (Call Number) с945Арм-420/А-83
942 ## - ДОПОЛНИТЕЛЬНЫЕ ЭЛЕМЕНТЫ ЗАПИСИ (АБИС)
Тип экземпляра АБИС Книга
980 ## - КОЛЛЕКЦИЯ
Название коллекции Национальная библиография

Нет доступных экземпляров.